Revista Sur.
Guardado en:
| Formato: | |
|---|---|
| Series: | Argentina. Una historia
|
| Materias: | |
| Etiquetas: |
Agregar Etiqueta
Sin Etiquetas, Sea el primero en etiquetar este registro!
|
| LEADER | 00887ngm a22002415g 4500 | ||
|---|---|---|---|
| 001 | CEM.cems022873 | ||
| 008 | 130507b2008##################0###0#####d | ||
| 005 | 20241125172033.0 | ||
| 245 | 0 | 0 | |a Revista Sur. |
| 300 | |a 26'. | ||
| 490 | 0 | |a Argentina. Una historia | |
| 500 | |a En soporte VHS, consultar en ventanilla. | ||
| 505 | 0 | |a Victoria Ocampo como expresión de la oligarquía. Creación de la Revista Sur. Escritores nacionales e internacionales que participaron. Su carácter elitista. Decadencia. | |
| 538 | |a Soporte: VHS - Norma: Pal N - Color: Si - Grabación DRD 2008 - Hitachi=4195 | ||
| 082 | 9 | 8 | |/ ONQ |
| 653 | |a HISTORIA | ||
| 653 | |a HISTORIA ARGENTINA | ||
| 653 | |a REVISTA SUR | ||
| 653 | |a OCAMPO, VICTORIA | ||
| 653 | |a OLIGARQUIA | ||
| 653 | |a NIVEL PRIMARIO | ||
| 653 | |a NIVEL SECUNDARIO | ||
| 859 | |a CEMS |b BIB. CEMS - Depto. Recursos Didacticos |h 982 |i ONQ |k DRD |p 1516.12 |t Ej.1 | ||
